مكتبة جامعة عجلون الوطنية

فهرس بحث المكتبة

Normal view MARC view
  • متاحف-مجموعات

Entry Topical Term

Number of records used in: 1

001 - CONTROL NUMBER

  • control field: 17265

003 - CONTROL NUMBER IDENTIFIER

  • control field: JO-AjAnu

005 - DATE AND TIME OF LATEST TRANSACTION

  • control field: 20230606073043.0

008 - FIXED-LENGTH DATA ELEMENTS

  • fixed length control field: 230606|| aca||aabn | a|a d

040 ## - CATALOGING SOURCE

  • Original cataloging agency: JO-AjAnu
  • Transcribing agency: JO-AjAnu

150 ## - HEADING--TOPICAL TERM

  • Topical term or geographic name entry element: متاحف-مجموعات

670 ## - SOURCE DATA FOUND

  • Source citation: Work cat.: (JO-AjAnu)8864: جونسون،ئي.فيرنر ، هوركان،جوان سي ، سعيد،ريا عثمان /ترجمة, author 17264, المجاميع المتحفية واساليب خزنها